Participando, articulando, cobrando: une compréhension du budget participatif de porto alegre au travers des trajectoires sociales des dirigeants /
محفوظ في:
| المؤلف الرئيسي: | |
|---|---|
| مؤلفون آخرون: | |
| التنسيق: | أطروحة |
| الوسوم: |
إضافة وسم
لا توجد وسوم, كن أول من يضع وسما على هذه التسجيلة!
|
MARC
| LEADER | 00000 a a2200000 04500 | ||
|---|---|---|---|
| 001 | 37901 | ||
| 003 | |||
| 040 | |||
| 090 | |a 05.03.07 C965p | ||
| 100 | |a Musset, Alain | ||
| 245 | |a Participando, articulando, cobrando: |b une compréhension du budget participatif de porto alegre au travers des trajectoires sociales des dirigeants / |c Alain Musset | ||
| 300 | |a 165 páginas | ||
| 502 | |a Tesis (Maestría en Ciencias Sociales), 2006 | ||
| 700 | |a Lagrave, Rose Marie | ||
| 999 | |c 18086 |d 18086 | ||
